Science Quiz

Random Science or Math Quiz

Minute Math (Subtraction) Quiz Stats

 Plays Quiz Updated Mar 31, 2016

Challenge
Share
Tweet
Embed
Score 0/50 Timer 01:00
9 Plays Today
Problems Answers % Correct
12-75
77.9%
8-26
77.8%
16-115
77.8%
18-171
77.4%
16-133
77.1%
14-86
77%
17-98
77%
10-46
76.9%
15-87
76.6%
18-117
76.4%
3-30
76.4%
15-114
76.4%
12-012
76.4%
18-99
76.2%
10-28
76.2%
19-109
76.1%
9-27
75.7%
1-01
75.7%
5-50
75.4%
19-145
75.4%
14-59
75.1%
12-66
75.2%
5-32
75%
13-58
75%
2-11
74.8%
Problems Answers % Correct
3-12
74.8%
7-34
74.5%
0-00
74.2%
6-51
74.1%
9-36
73.9%
14-104
73.8%
7-16
73.7%
10-55
73%
11-92
72.8%
5-14
72.4%
7-52
72.4%
8-44
72.3%
12-48
72%
11-110
71.9%
17-512
71.1%
6-33
70.8%
13-94
70.7%
4-22
70.7%
16-88
69.6%
9-09
69.4%
5-23
69.3%
10-73
68.8%
17-116
67.9%
17-134
67.7%
13-121
67.3%

You're not logged in!

Compare scores with friends on all Sporcle quizzes.
OR
Log In

You Might Also Like...

Show Comments

Extras

Top Quizzes Today


Score Distribution

Your Account Isn't Verified!

In order to create a playlist on Sporcle, you need to verify the email address you used during registration. Go to your Sporcle Settings to finish the process.

Report this User

Report this user for behavior that violates our Community Guidelines.

Details: